000
00201 a2200097 4500
001
18061
100
_a
Sandham, R
245
_a
Foundrywork Jobs
260
_a
_b
Edward Arnold
_c
090
_c
13355
_d
13355
942
_a
NUST-CAE
_c
M
_c
3731
999
_c
253134
_d
253134